000 00838nam a2200289 4500
001 01304612
003 DO-SdBNP
005 20160520115016.0
007 01304612
008 990729s1996 sp | ||| ||spa
016 7 _a
_2BPMSU
017 _a
_b
035 _a
040 _aBPMSU
_bspa
_cBPMSU
_e
041 1 _aspa
_h
080 0 _a
100 1 _aDella Croce, Julia
240 1 4 _aThe classic italian cookbook
_lespaǫl
245 1 3 _aLa cocina italiana cls̀ica /
_h
_cJulia Della Croce ; traduccin̤, Adelaida Ruiz ; fotografa̕s Clive Streeter
260 _aBarcelona :
_bPrimera Plana,
_c1996
300 _a176 p.:
_bil.;
_c30 cm
650 7 _aCocina italiana
_vRecetas
_2
700 _a Ruiz, Adelaida
_etr.
700 _aStreeter, Clive
942 _2ddc
_cBK
956 _aVMATEO
_b10
_d20160520
_fBPMSU
_h0069
999 _c10182
_d10182